[Event "GER-ch U18 Girls"]
[Site "Oberhof"]
[Date "2013.05.24"]
[Round "8"]
[White "Stolcz, Bianca"]
[Black "Kostre, Margarita"]
[Result "1/2-1/2"]
[WhiteElo "1697"]
[BlackElo "1723"]
[PlyCount "53"]
[EventDate "2013.05.19"]
[EventType "swiss"]
[EventRounds "9"]
[EventCountry "GER"]
[SourceTitle "CBM 154 Extra"]
[Source "ChessBase"]
[SourceDate "2013.06.25"]
[SourceVersion "2"]
[SourceVersionDate "2013.06.25"]
[SourceQuality "1"]

1. e4 e5 2. Nf3 Nc6 3. d4 exd4 4. Nxd4 Nf6 5. Nxc6 bxc6 6. e5 Qe7 7. Qe2 Nd5 8. c4 Nb6 9. Nc3 d5 10. cxd5 cxd5 11. Bf4 c6 12. Qe3 Qc5 13. Qxc5 Bxc5 14. Bd3 0-0 15. 0-0 Re8 16. Rac1 Bd4 17. Rfe1 Nd7 18. Na4 Nxe5 19. Bxe5 Bxe5 20. Kh1 Bg4 21. h3 Bh5 22. Rxc6 f6 23. g4 Bf7 24. b3 Rec8 25. Rec1 Rd8 26. Nc5 Be8 27. Ra6 1/2-1/2

[Event "GER-ch U18 Girls"]
[Site "Oberhof"]
[Date "2013.05.23"]
[Round "7"]
[White "Tettmann, Ann Kathrin"]
[Black "Stolcz, Bianca"]
[Result "0-1"]
[WhiteElo "1871"]
[BlackElo "1697"]
[PlyCount "46"]
[EventDate "2013.05.19"]
[EventType "swiss"]
[EventRounds "9"]
[EventCountry "GER"]
[SourceTitle "CBM 154 Extra"]
[Source "ChessBase"]
[SourceDate "2013.06.25"]
[SourceVersion "2"]
[SourceVersionDate "2013.06.25"]
[SourceQuality "1"]

1. c4 e6 2. g3 d5 3. Bg2 Nf6 4. d4 c5 5. cxd5 exd5 6. dxc5 Bxc5 7. Bg5 Bxf2+ 8. Kf1 Bxg1 9. Rxg1 0-0 10. Nc3 h6 11. Bxf6 Qxf6+ 12. Ke1 Qb6 13. Rf1 Be6 14. Bxd5 Rd8 15. e4 Qxb2 16. Rc1 Nc6 17. Rc2 Qb4 18. Qh5 Nd4 19. Rc1 Qb2 20. Qd1 Rac8 21. Rf2 Qb4 22. Bxe6 fxe6 23. Qd3 Nb3 0-1

[Event "GER-ch U18 Girls"]
[Site "Oberhof"]
[Date "2013.05.21"]
[Round "4"]
[White "Berger, Nadja"]
[Black "Stolcz, Bianca"]
[Result "1-0"]
[WhiteElo "1789"]
[BlackElo "1697"]
[PlyCount "63"]
[EventDate "2013.05.19"]
[EventType "swiss"]
[EventRounds "9"]
[EventCountry "GER"]
[SourceTitle "CBM 154 Extra"]
[Source "ChessBase"]
[SourceDate "2013.06.25"]
[SourceVersion "2"]
[SourceVersionDate "2013.06.25"]
[SourceQuality "1"]

1. e4 c5 2. Nc3 g6 3. f4 Bg7 4. Nf3 a6 5. Bc4 e6 6. a4 Ne7 7. d3 0-0 8. 0-0 d5 9. Bb3 Qb6 10. Kh1 d4 11. Ne2 Nbc6 12. Qe1 Na5 13. Ba2 Bd7 14. Bd2 Nec6 15. Qc1 Rac8 16. Ng3 Ne7 17. Ne5 Rc7 18. Nxd7 Rxd7 19. f5 exf5 20. exf5 Nd5 21. Bh6 Ne3 22. Bxe3 dxe3 23. Qxe3 Qxb2 24. Qxc5 b6 25. Qf2 Bd4 26. Qd2 Bc3 27. Qg5 Bf6 28. Qg4 Qd4 29. Ne4 h5 30. Qxg6+ Bg7 31. f6 Qxf6 32. Nxf6+ 1-0

[Event "GER-ch U18 Girls"]
[Site "Oberhof"]
[Date "2013.05.19"]
[Round "1"]
[White "Stolcz, Bianca"]
[Black "Spiegelberg, Silvia"]
[Result "0-1"]
[WhiteElo "1697"]
[BlackElo "1926"]
[PlyCount "58"]
[EventDate "2013.05.19"]
[EventType "swiss"]
[EventRounds "9"]
[EventCountry "GER"]
[SourceTitle "CBM 154 Extra"]
[Source "ChessBase"]
[SourceDate "2013.06.25"]
[SourceVersion "2"]
[SourceVersionDate "2013.06.25"]
[SourceQuality "1"]

1. e4 e5 2. Nf3 Nf6 3. Nc3 Nc6 4. d4 exd4 5. Nxd4 Bb4 6. Nxc6 bxc6 7. Bd3 d5 8. exd5 cxd5 9. 0-0 0-0 10. Bg5 Be7 11. Bxf6 Bxf6 12. Nxd5 Bxb2 13. Rb1 c6 14. Nb4 Bc3 15. Nxc6 Qf6 16. Be4 Ba6 17. Qh5 g6 18. Qc5 Bxf1 19. Rxf1 Rae8 20. Bf3 a6 21. Qa7 a5 22. Nxa5 Bd4 23. Qd7 Bxf2+ 24. Kh1 Qa6 25. Qd3 Qxa5 26. Rxf2 Re1+ 27. Rf1 Rxf1+ 28. Qxf1 Re8 29. Be2 Qd2 0-1

[Event "GER-ch U16 Girls"]
[Site "Oberhof"]
[Date "2011.06.14"]
[Round "5"]
[White "Stolcz, Bianca"]
[Black "Kostre, Margarita"]
[Result "1/2-1/2"]
[WhiteElo "1632"]
[BlackElo "1821"]
[PlyCount "59"]
[EventDate "2011.06.11"]
[EventType "swiss"]
[EventRounds "9"]
[EventCountry "GER"]
[SourceTitle "CBM 142 Extra"]
[Source "ChessBase"]
[SourceDate "2011.06.27"]
[SourceVersion "1"]
[SourceVersionDate "2011.06.27"]
[SourceQuality "1"]

1. e4 e5 2. Nf3 Nc6 3. Bc4 Nf6 4. Ng5 d5 5. exd5 b5 6. Bxb5 Qxd5 7. Bxc6+ Qxc6 8. 0-0 Bb7 9. Qf3 Qb6 10. Qb3 Qxb3 11. axb3 h6 12. Nf3 Bxf3 13. gxf3 Nd5 14. Re1 f6 15. d4 Bd6 16. dxe5 fxe5 17. f4 0-0 18. fxe5 Rae8 19. Bd2 Bxe5 20. c3 Rf5 21. Na3 Nf6 22. f4 Bxf4 23. Rxe8+ Nxe8 24. Bxf4 Rxf4 25. Nb5 Rf5 26. Nxa7 Rg5+ 27. Kf2 Rf5+ 28. Ke3 Rh5 29. Rh1 Nf6 30. Kf3 1/2-1/2

[Event "GER-ch Net qual1 U18"]
[Site "Playchess.com INT"]
[Date "2011.05.01"]
[Round "4"]
[White "Miller, Eduard"]
[Black "Stolcz, Bianca"]
[Result "1-0"]
[WhiteElo "2110"]
[BlackElo "1369"]
[PlyCount "73"]
[EventDate "2011.05.01"]
[EventType "swiss (blitz)"]
[EventRounds "7"]
[EventCountry "GER"]
[SourceTitle "CBM 142 Extra"]
[Source "ChessBase"]
[SourceDate "2011.06.27"]
[SourceVersion "1"]
[SourceVersionDate "2011.06.27"]
[SourceQuality "1"]

1. d4 Nf6 2. c4 c5 3. d5 g6 4. Nc3 Bg7 5. Nf3 0-0 6. e4 d6 7. Nd2 Nbd7 8. Be2 Rb8 9. 0-0 Ne5 10. a4 a6 11. a5 b6 12. axb6 Qxb6 13. f4 Ned7 14. Nf3 Bb7 15. e5 dxe5 16. fxe5 Ne8 17. Bf4 e6 18. d6 Bxf3 19. Bxf3 Qxb2 20. Ne4 Qd4+ 21. Qxd4 cxd4 22. c5 Bxe5 23. Bxe5 Nxe5 24. Rxa6 Rc8 25. d7 Nxd7 26. Rd1 Ne5 27. Rxd4 Nxf3+ 28. gxf3 f5 29. Ng5 e5 30. Rd7 Nf6 31. Rb7 Rc6 32. Rxc6 e4 33. Rcc7 exf3 34. Nxh7 Nxh7 35. Rg7+ Kh8 36. Rxh7+ Kg8 37. Rbg7# 1-0

[Event "GER-ch Net qual1 U18"]
[Site "Playchess.com INT"]
[Date "2011.05.01"]
[Round "6"]
[White "Stolcz, Bianca"]
[Black "Stukenbrok, Nils"]
[Result "0-1"]
[WhiteElo "1369"]
[BlackElo "1587"]
[PlyCount "124"]
[EventDate "2011.05.01"]
[EventType "swiss (blitz)"]
[EventRounds "7"]
[EventCountry "GER"]
[SourceTitle "CBM 142 Extra"]
[Source "ChessBase"]
[SourceDate "2011.06.27"]
[SourceVersion "1"]
[SourceVersionDate "2011.06.27"]
[SourceQuality "1"]

1. e4 e6 2. d4 d5 3. e5 c5 4. c3 Qb6 5. Nf3 Nc6 6. Bd3 cxd4 7. cxd4 Bd7 8. Bc2 Nb4 9. Ba4 Bxa4 10. Qxa4+ Qc6 11. Qxc6+ bxc6 12. 0-0 Nc2 13. Na3 Nxa1 14. Bd2 Nc2 15. Nxc2 Nh6 16. Bxh6 gxh6 17. b3 Be7 18. Ne3 Kd7 19. Ng4 h5 20. Ne3 c5 21. dxc5 Bxc5 22. Nc2 a5 23. Ncd4 a4 24. Rc1 Rhc8 25. h3 Bxd4 26. Rxc8 Bxf2+ 27. Kxf2 Kxc8 28. Ng5 axb3 29. axb3 Ra2+ 30. Kg3 Ra3 31. Nxf7 Rxb3+ 32. Kh4 d4 33. Kxh5 d3 34. Nd6+ Kd7 35. Ne4 Rb2 36. g4 d2 37. Nf2 Rb3 38. h4 Rb5 39. Kh6 Rxe5 40. Kxh7 Re4 41. Nxe4 d1Q 42. Nf6+ Ke7 43. Ng8+ Kf8 44. g5 Qh5+ 45. Nh6 Qxh4 46. g6 Qe7+ 47. Nf7 Qxf7+ 48. gxf7 Kxf7 49. Kh6 Kf6 50. Kh5 Kf5 51. Kh4 Kf4 52. Kh3 Kf3 53. Kh2 Kf2 54. Kh3 e5 55. Kg4 e4 56. Kf4 e3 57. Ke4 e2 58. Kd3 e1Q 59. Kc4 Qe5 60. Kd3 Kf3 61. Kc4 Ke3 62. Kb4 Qc7 0-1

[Event "GER-ch Net qual4 U14"]
[Site "Playchess.com INT"]
[Date "2009.06.17"]
[Round "6"]
[White "Stolcz, Bianca"]
[Black "Bechler, Lukas"]
[Result "0-1"]
[WhiteElo "1357"]
[BlackElo "1319"]
[PlyCount "122"]
[EventDate "2009.06.17"]
[EventType "swiss (blitz)"]
[EventRounds "7"]
[EventCountry "GER"]
[SourceTitle "CBM 130 Extra"]
[Source "ChessBase"]
[SourceDate "2009.07.02"]
[SourceVersion "2"]
[SourceVersionDate "2009.07.15"]
[SourceQuality "1"]

1. e4 e6 2. d4 d5 3. e5 c5 4. c3 Nc6 5. Nf3 Qb6 6. Bd3 Bd7 7. Bc2 0-0-0 8. 0-0 Kb8 9. a3 h5 10. b4 cxd4 11. cxd4 Nge7 12. Nc3 Nf5 13. Bxf5 exf5 14. Nxd5 Qb5 15. Nc3 Qc4 16. Bb2 Be6 17. b5 Nxd4 18. Nxd4 Rxd4 19. Qe2 Qxe2 20. Nxe2 Rd2 21. Nd4 Rxb2 22. Nxe6 fxe6 23. Rfd1 Rxb5 24. Rd8+ Kc7 25. Rad1 Rxe5 26. R8d7+ Kc6 27. R7d2 Bxa3 28. Rc2+ Bc5 29. Rdc1 b6 30. g3 Rd8 31. Kg2 Red5 32. Re2 e5 33. Rce1 e4 34. f3 Rd2 35. fxe4 fxe4 36. Kf1 Rxe2 37. Rxe2 e3 38. Re1 Rf8+ 39. Ke2 Rf2+ 40. Kd3 e2 41. Rxe2 Rxe2 42. Kxe2 Kd5 43. Kd3 a5 44. h3 a4 45. Kc3 a3 46. Kb3 b5 47. g4 hxg4 48. hxg4 b4 49. Ka2 Ke5 50. Kb3 Kf4 51. Ka2 Kxg4 52. Kb3 Kf4 53. Ka2 g5 54. Kb3 g4 55. Ka2 g3 56. Kb3 g2 57. Ka2 Ke3 58. Kb3 Kd3 59. Ka2 Kc2 60. Ka1 Kb3 61. Kb1 g1R# 0-1

[Event "GER-ch Schools U18 Girls"]
[Site "Germany"]
[Date "2009.05.17"]
[Round "6.2"]
[White "Efinger, Leila"]
[Black "Stolcz, Bianca"]
[Result "0-1"]
[WhiteElo "956"]
[BlackElo "1435"]
[PlyCount "52"]
[EventDate "2009.05.16"]
[EventType "team-swiss"]
[EventRounds "7"]
[EventCountry "GER"]
[SourceTitle "EXT 2011"]
[Source "ChessBase"]
[SourceDate "2010.11.26"]
[SourceVersion "1"]
[SourceVersionDate "2010.11.26"]
[SourceQuality "1"]
[WhiteTeam "Mainz Gymn (W)"]
[BlackTeam "Aschaffenburg FDG (W)"]
[WhiteTeamCountry "GER"]
[BlackTeamCountry "GER"]

1. d4 Nf6 2. Bf4 c5 3. dxc5 e6 4. e3 Bxc5 5. Bd3 Nc6 6. c3 a6 7. Nf3 d5 8. Nbd2 b5 9. 0-0 0-0 10. Qc2 Bd6 11. Bxd6 Qxd6 12. Ng5 h6 13. Nh7 Nxh7 14. Bxh7+ Kh8 15. Rad1 Ne5 16. h3 g6 17. Bxg6 Nxg6 18. e4 Bb7 19. Rfe1 Rg8 20. Re2 Nf4 21. g3 Nxe2+ 22. Kf1 Nxg3+ 23. fxg3 Qxg3 24. Nb3 Qg1+ 25. Ke2 Rg2+ 26. Kd3 dxe4# 0-1

[Event "GER-ch Schools U18 Girls"]
[Site "Germany"]
[Date "2009.05.17"]
[Round "5.2"]
[White "Stolcz, Bianca"]
[Black "Brambach, Selina Maria"]
[Result "1/2-1/2"]
[WhiteElo "1435"]
[BlackElo "967"]
[PlyCount "53"]
[EventDate "2009.05.16"]
[EventType "team-swiss"]
[EventRounds "7"]
[EventCountry "GER"]
[SourceTitle "EXT 2011"]
[Source "ChessBase"]
[SourceDate "2010.11.26"]
[SourceVersion "1"]
[SourceVersionDate "2010.11.26"]
[SourceQuality "1"]
[WhiteTeam "Aschaffenburg FDG (W)"]
[BlackTeam "Schoenborn Bruchsal (W)"]
[WhiteTeamCountry "GER"]
[BlackTeamCountry "GER"]

1. e4 e6 2. d4 d5 3. e5 c5 4. c3 Qb6 5. Nf3 Nc6 6. Bd3 cxd4 7. cxd4 Nxd4 8. Nxd4 Bc5 9. Bb5+ Bd7 10. Bxd7+ Kxd7 11. Qa4+ Kd8 12. Be3 Qxb2 13. Qb5 b6 14. Qa6 Qxa1 15. Nc6+ Kc7 16. 0-0 Bxe3 17. fxe3 Kxc6 18. Qa4+ Kc7 19. Rxf7+ Ne7 20. Rxe7+ Kb8 21. Re8+ Rxe8 22. Qxe8+ Kb7 23. Qd7+ Ka6 24. Qa4+ Kb7 25. Qd7+ Kb8 26. Qd8+ Kb7 27. Qd7+ 1/2-1/2

[Event "GER-ch Schools U18 Girls"]
[Site "Germany"]
[Date "2009.05.16"]
[Round "1.1"]
[White "Heinemann, Josefine"]
[Black "Stolcz, Bianca"]
[Result "0-1"]
[WhiteElo "1120"]
[BlackElo "1435"]
[PlyCount "78"]
[EventDate "2009.05.16"]
[EventType "team-swiss"]
[EventRounds "7"]
[EventCountry "GER"]
[SourceTitle "EXT 2011"]
[Source "ChessBase"]
[SourceDate "2010.11.26"]
[SourceVersion "1"]
[SourceVersionDate "2010.11.26"]
[SourceQuality "1"]
[WhiteTeam "Magdeburg WvSG (W)"]
[BlackTeam "Aschaffenburg FDG (W)"]
[WhiteTeamCountry "GER"]
[BlackTeamCountry "GER"]

1. e4 c5 2. Nf3 d6 3. d4 cxd4 4. Nxd4 Nc6 5. Bb5 Bd7 6. Nc3 Nf6 7. Be3 e6 8. f3 a6 9. Be2 Be7 10. Qd2 b5 11. 0-0 0-0 12. Kh1 Ne5 13. b3 Qc7 14. Rac1 Rac8 15. Nd1 d5 16. Nf2 dxe4 17. Nxe4 Nxe4 18. fxe4 Rfd8 19. Qe1 Bc5 20. c3 Ba7 21. Bf4 f6 22. Nf3 Qc5 23. Nxe5 fxe5 24. Bg5 Rf8 25. Rd1 Rxf1+ 26. Qxf1 Bc6 27. Bg4 Re8 28. Rd8 Rxd8 29. Bxe6+ Kh8 30. Bxd8 Bxe4 31. Bc8 Bxg2+ 32. Kxg2 Qd5+ 33. Kh3 Qxd8 34. Bxa6 Qd7+ 35. Kg3 h5 36. Qf8+ Kh7 37. Bc8 Qd3+ 38. Kh4 Qe4+ 39. Kg5 Be3+ 0-1

[Event "GER-ch Net qual2 U14"]
[Site "Playchess.com INT"]
[Date "2009.05.13"]
[Round "3"]
[White "Fischer, Franziska"]
[Black "Stolcz, Bianca"]
[Result "1-0"]
[WhiteElo "1297"]
[BlackElo "1357"]
[PlyCount "127"]
[EventDate "2009.05.13"]
[EventType "swiss (blitz)"]
[EventRounds "7"]
[EventCountry "GER"]
[SourceTitle "CBM 130 Extra"]
[Source "ChessBase"]
[SourceDate "2009.07.02"]
[SourceVersion "2"]
[SourceVersionDate "2009.07.15"]
[SourceQuality "1"]

1. d4 c5 2. dxc5 Nc6 3. Nf3 e6 4. e4 Bxc5 5. Bc4 Nf6 6. Bg5 0-0 7. 0-0 Be7 8. Nc3 h6 9. Bf4 d6 10. Re1 a6 11. a4 e5 12. Bg3 Be6 13. Bd5 Bxd5 14. Nxd5 Nxd5 15. Qxd5 Qc7 16. Bh4 Bxh4 17. Nxh4 Nb4 18. Qd2 Qxc2 19. Qxb4 Qc7 20. Nf5 Rfd8 21. Rec1 Qd7 22. Rd1 g6 23. Nxh6+ Kg7 24. Qd2 Rh8 25. Nxf7 Kxf7 26. Qxd6 Qxd6 27. Rxd6 Rad8 28. Rad1 Ke7 29. Rxd8 Rxd8 30. Rxd8 Kxd8 31. Kf1 Kd7 32. Ke2 b5 33. axb5 axb5 34. Kd3 Kd6 35. Kc3 Kc5 36. b4+ Kd6 37. Kd3 Ke6 38. Ke3 g5 39. g3 g4 40. f3 gxf3 41. Kxf3 Kf6 42. Kg4 Kg6 43. h3 Kf6 44. Kh5 Kf7 45. Kg5 Ke6 46. Kg6 Ke7 47. Kf5 Kd6 48. g4 Ke7 49. Kxe5 Kf7 50. Kd6 Kf6 51. Kc5 Ke5 52. Kxb5 Kxe4 53. Kc4 Kf3 54. b5 Kg3 55. g5 Kxh3 56. g6 Kh4 57. g7 Kg4 58. g8Q+ Kf5 59. b6 Ke5 60. b7 Kf6 61. b8Q Kf5 62. Qbf8+ Ke5 63. Qgg7+ Ke6 64. Qge7# 1-0

[Event "GER-ch Net qual2 U14"]
[Site "Playchess.com INT"]
[Date "2009.05.13"]
[Round "2"]
[White "Pfleger, Juergen"]
[Black "Stolcz, Bianca"]
[Result "1-0"]
[WhiteElo "1802"]
[BlackElo "1357"]
[PlyCount "147"]
[EventDate "2009.05.13"]
[EventType "swiss (blitz)"]
[EventRounds "7"]
[EventCountry "GER"]
[SourceTitle "CBM 130 Extra"]
[Source "ChessBase"]
[SourceDate "2009.07.02"]
[SourceVersion "2"]
[SourceVersionDate "2009.07.15"]
[SourceQuality "1"]

1. c4 Nf6 2. Nc3 e5 3. Nf3 Nc6 4. d4 exd4 5. Nxd4 Bb4 6. Nxc6 Bxc3+ 7. bxc3 bxc6 8. Ba3 d6 9. g3 0-0 10. Bg2 Bd7 11. 0-0 Rb8 12. Qa4 Qe7 13. e3 Ne4 14. Rac1 Rb7 15. c5 dxc5 16. Qxe4 Qxe4 17. Bxe4 Re8 18. Bg2 c4 19. Rb1 Reb8 20. Rxb7 Rxb7 21. Be4 g5 22. Rb1 Rxb1+ 23. Bxb1 Be6 24. Bc5 a6 25. a3 Bd5 26. Bf5 h5 27. Bd7 f6 28. a4 Kf7 29. a5 Be6 30. Bxc6 Bc8 31. Kf1 Ke6 32. Ke2 Bd7 33. Bxd7+ Kxd7 34. Bb4 Kc6 35. e4 Kd7 36. Ke3 c6 37. Kd4 Ke6 38. Kxc4 f5 39. exf5+ Kxf5 40. Kc5 Ke4 41. Kxc6 Kf3 42. Bc5 Kg2 43. h4 gxh4 44. gxh4 Kh3 45. Be7 Kg2 46. f4 Kg3 47. Bg5 Kg4 48. c4 Kf5 49. Kb6 Kg4 50. Kxa6 Kf5 51. c5 Ke6 52. c6 Kd6 53. Kb7 Ke6 54. c7 Kd7 55. c8Q+ Kd6 56. Be7+ Kd5 57. a6 Ke4 58. Qc4+ Kf3 59. Qd5+ Kg4 60. Qg5+ Kh3 61. Qg3+ Kxg3 62. f5 Kg4 63. f6 Kg3 64. f7 Kh3 65. f8Q Kg2 66. a7 Kh3 67. Qf3+ Kh2 68. Bd6+ Kg1 69. Qg3+ Kf1 70. Qf2+ Kxf2 71. a8Q Kg2 72. Qf8 Kh3 73. Qf3+ Kxh4 74. Qg3# 1-0

[Event "GER-ch Net qual2 U14"]
[Site "Playchess.com INT"]
[Date "2009.05.13"]
[Round "1"]
[White "Stolcz, Bianca"]
[Black "Schroeder, Jan Christian"]
[Result "0-1"]
[WhiteElo "1357"]
[BlackElo "1811"]
[PlyCount "132"]
[EventDate "2009.05.13"]
[EventType "swiss (blitz)"]
[EventRounds "7"]
[EventCountry "GER"]
[SourceTitle "CBM 130 Extra"]
[Source "ChessBase"]
[SourceDate "2009.07.02"]
[SourceVersion "2"]
[SourceVersionDate "2009.07.15"]
[SourceQuality "1"]

1. e4 e5 2. Nf3 Nc6 3. d4 exd4 4. Nxd4 Nf6 5. Nc3 Bb4 6. Nxc6 bxc6 7. Bd3 Qe7 8. Qe2 0-0 9. 0-0 d6 10. Bd2 Bg4 11. f3 Be6 12. a3 Ba5 13. b4 Bb6+ 14. Be3 a5 15. Na4 Bxe3+ 16. Qxe3 axb4 17. axb4 Rfb8 18. c3 Nd7 19. Nb2 Ne5 20. f4 Nxd3 21. Nxd3 Bc4 22. Qd4 Bxd3 23. Qxd3 Re8 24. Rfe1 h6 25. Rxa8 Rxa8 26. e5 Rd8 27. Qg3 c5 28. b5 Qd7 29. c4 d5 30. Rd1 d4 31. Qf3 Qf5 32. Rd3 Kh7 33. g4 Qe6 34. Qe4+ Kg8 35. f5 Qxc4 36. e6 fxe6 37. fxe6 Rf8 38. e7 Qc1+ 39. Kg2 Qf1+ 40. Kg3 Qf2+ 41. Kh3 Qf1+ 42. Kg3 Qf2+ 43. Kh3 Re8 44. Rf3 Qa2 45. Rf4 d3 46. Rf3 d2 47. Qe2 Qd5 48. Rd3 Qg5 49. Rxd2 Rxe7 50. Qd3 Re3+ 51. Qxe3 Qxe3+ 52. Kh4 g5+ 53. Kh5 Qxd2 54. Kxh6 Qxh2+ 55. Kxg5 Qb2 56. Kf5 Qxb5 57. g5 Qd7+ 58. Kf6 Qf7+ 59. Ke5 Kg7 60. Ke4 Qg6+ 61. Kf4 c4 62. Kg4 c3 63. Kf4 c2 64. Kg4 c1Q 65. Kh4 Qcxg5+ 66. Kh3 Qg3# 0-1

[Event "GER-ch Net qual2 U14"]
[Site "Playchess.com INT"]
[Date "2009.05.13"]
[Round "6"]
[White "Walberer, Marcel"]
[Black "Stolcz, Bianca"]
[Result "0-1"]
[WhiteElo "1261"]
[BlackElo "1357"]
[PlyCount "86"]
[EventDate "2009.05.13"]
[EventType "swiss (blitz)"]
[EventRounds "7"]
[EventCountry "GER"]
[SourceTitle "CBM 130 Extra"]
[Source "ChessBase"]
[SourceDate "2009.07.02"]
[SourceVersion "2"]
[SourceVersionDate "2009.07.15"]
[SourceQuality "1"]

1. e4 c5 2. Bc4 e6 3. Nc3 Nc6 4. Nf3 d6 5. 0-0 Nf6 6. Bb5 Bd7 7. Be2 Be7 8. b3 0-0 9. d3 a6 10. a4 d5 11. exd5 exd5 12. d4 cxd4 13. Nxd4 Bd6 14. Nxc6 bxc6 15. Bg5 Be5 16. Qd3 Qc7 17. g3 Ne4 18. Nxe4 Bxa1 19. Nc5 Be5 20. Nxd7 Qxd7 21. Qd1 f6 22. Bc1 a5 23. Bg4 Qc7 24. Be6+ Kh8 25. Qg4 Rae8 26. Bf5 g6 27. Bd3 f5 28. Qh4 Bf6 29. Qh3 Bg7 30. Bh6 Bxh6 31. Qxh6 Qg7 32. Qh3 f4 33. gxf4 Rxf4 34. Qg3 Ref8 35. c4 dxc4 36. Bxc4 Qd7 37. Qe3 Qg4+ 38. Kh1 Qf3+ 39. Qxf3 Rxf3 40. Ba6 Rxf2 41. Rg1 Rb2 42. Bb7 Rff2 43. Bxc6 Rxh2# 0-1

[Event "GER-ch Net qual2 U14"]
[Site "Playchess.com INT"]
[Date "2009.05.13"]
[Round "5"]
[White "Wastian, Jan"]
[Black "Stolcz, Bianca"]
[Result "1-0"]
[WhiteElo "1529"]
[BlackElo "1357"]
[PlyCount "149"]
[EventDate "2009.05.13"]
[EventType "swiss (blitz)"]
[EventRounds "7"]
[EventCountry "GER"]
[SourceTitle "CBM 130 Extra"]
[Source "ChessBase"]
[SourceDate "2009.07.02"]
[SourceVersion "2"]
[SourceVersionDate "2009.07.15"]
[SourceQuality "1"]

1. e4 c5 2. c3 Nc6 3. d4 cxd4 4. cxd4 e6 5. Nc3 Bb4 6. Nf3 Nf6 7. Bg5 Be7 8. Bc4 0-0 9. 0-0 h6 10. Bh4 Nxe4 11. Bxe7 Nxc3 12. Bxd8 Nxd1 13. Raxd1 Rxd8 14. d5 exd5 15. Bxd5 Ne7 16. Bc4 b6 17. Ne5 d5 18. Bb3 Ba6 19. Rfe1 d4 20. Nxf7 Nd5 21. Re5 Bb7 22. Rxd4 Kxf7 23. Bxd5+ Bxd5 24. Rdxd5 Rxd5 25. Rxd5 Ke6 26. Rd2 Rc8 27. Kf1 Rc1+ 28. Ke2 Rh1 29. h3 Rh2 30. Kf3 Rh1 31. b3 Re1 32. Rc2 Kd7 33. Rd2+ Kc7 34. Re2 Rxe2 35. Kxe2 Kd6 36. Kd3 Kd5 37. f4 g6 38. g4 a6 39. h4 b5 40. b4 h5 41. gxh5 gxh5 42. a3 Ke6 43. Ke4 Kf6 44. f5 Kf7 45. Ke5 Kg7 46. f6+ Kf7 47. Kf5 Kf8 48. Kg5 Kf7 49. Kxh5 Kxf6 50. Kg4 Kg6 51. Kf4 Kh5 52. Kg3 Kh6 53. Kg4 Kg6 54. Kf4 Kh5 55. Ke5 Kxh4 56. Kd5 Kg5 57. Kc5 Kf5 58. Kb6 Ke5 59. Kxa6 Kd6 60. Kxb5 Kc7 61. a4 Kb7 62. Kc5 Ka6 63. b5+ Ka7 64. a5 Kb7 65. b6 Ka6 66. Kc6 Kxa5 67. b7 Kb4 68. b8Q+ Kc4 69. Qd8 Kc3 70. Qd1 Kc4 71. Qd2 Kb3 72. Qc1 Kb4 73. Qc2 Ka5 74. Qb3 Ka6 75. Qb6# 1-0

[Event "GER-ch Net qual1 U14"]
[Site "Playchess.com INT"]
[Date "2009.05.10"]
[Round "1"]
[White "Lampert, Jonas"]
[Black "Stolcz, Bianca"]
[Result "1-0"]
[WhiteElo "1977"]
[BlackElo "1357"]
[PlyCount "77"]
[EventDate "2009.05.10"]
[EventType "swiss (blitz)"]
[EventRounds "7"]
[EventCountry "GER"]
[SourceTitle "CBM 130 Extra"]
[Source "ChessBase"]
[SourceDate "2009.07.02"]
[SourceVersion "2"]
[SourceVersionDate "2009.07.15"]
[SourceQuality "1"]

1. e4 c5 2. Nf3 Nc6 3. d4 cxd4 4. Nxd4 d6 5. Nc3 Bd7 6. Be3 a6 7. Nd5 e6 8. Nxc6 bxc6 9. Bb6 Qc8 10. Nc7+ Ke7 11. Nxa8 Qxa8 12. Bc7 d5 13. Ba5 Ke8 14. exd5 cxd5 15. Bd3 Nf6 16. 0-0 Bd6 17. Bc3 Qb8 18. h3 h5 19. Bxf6 gxf6 20. Re1 h4 21. Qf3 Qxb2 22. Rab1 Qd4 23. Bxa6 Be5 24. Bb5 Bxb5 25. Rxb5 Qa7 26. Qb3 Qc7 27. Rb7 Qc8 28. Rxe5 Rg8 29. Re2 Qxb7 30. Qxb7 e5 31. Qc8+ Ke7 32. Qxg8 Ke6 33. a4 Kd7 34. a5 Kd6 35. a6 Ke6 36. a7 Ke7 37. a8Q Kd7 38. Qac8+ Kd6 39. Qgd8# 1-0

[Event "GER-ch Net qual1 U14"]
[Site "Playchess.com INT"]
[Date "2009.05.10"]
[Round "5"]
[White "Stolcz, Bianca"]
[Black "Meyers, Mark"]
[Result "1-0"]
[WhiteElo "1357"]
[BlackElo "1447"]
[PlyCount "103"]
[EventDate "2009.05.10"]
[EventType "swiss (blitz)"]
[EventRounds "7"]
[EventCountry "GER"]
[SourceTitle "CBM 130 Extra"]
[Source "ChessBase"]
[SourceDate "2009.07.02"]
[SourceVersion "2"]
[SourceVersionDate "2009.07.15"]
[SourceQuality "1"]

1. e4 c5 2. Nf3 Nc6 3. d4 cxd4 4. Nxd4 e5 5. Nb5 Nf6 6. Nd6+ Bxd6 7. Qxd6 Nxe4 8. Qd5 Nf6 9. Qd6 Qb6 10. Bd3 e4 11. Bc4 Qb4+ 12. Qxb4 Nxb4 13. Na3 d5 14. Bb5+ Bd7 15. Bxd7+ Nxd7 16. Bd2 Nc6 17. 0-0 0-0 18. c4 d4 19. Nb5 d3 20. Rfe1 a6 21. Nd6 Nf6 22. Nxe4 Nxe4 23. Rxe4 Rfe8 24. Rae1 Rxe4 25. Rxe4 Rd8 26. h4 h6 27. g4 Rd4 28. Re8+ Kh7 29. f3 Rxc4 30. Re3 Rd4 31. Kf2 Kg6 32. h5+ Kf6 33. Bc3 Kg5 34. Bxd4 Nxd4 35. Rxd3 Ne6 36. Rd7 f6 37. Rxb7 Kf4 38. Re7 Nc5 39. Rxg7 Nd3+ 40. Ke2 Nxb2 41. Rg6 Ke5 42. Rxh6 Na4 43. Ke3 Nc3 44. f4+ Ke6 45. f5+ Ke5 46. a3 Nd5+ 47. Kf3 Nc7 48. Rh7 Nb5 49. Re7+ Kd5 50. a4 Nd4+ 51. Kf2 a5 52. h6 1-0

[Event "GER-ch Net qual1 U14"]
[Site "Playchess.com INT"]
[Date "2009.05.10"]
[Round "3"]
[White "Stolcz, Bianca"]
[Black "Oberpriller, Johannes"]
[Result "0-1"]
[WhiteElo "1357"]
[BlackElo "1701"]
[PlyCount "120"]
[EventDate "2009.05.10"]
[EventType "swiss (blitz)"]
[EventRounds "7"]
[EventCountry "GER"]
[SourceTitle "CBM 130 Extra"]
[Source "ChessBase"]
[SourceDate "2009.07.02"]
[SourceVersion "2"]
[SourceVersionDate "2009.07.15"]
[SourceQuality "1"]

1. e4 e6 2. d4 d5 3. e5 c5 4. c3 Nc6 5. Nf3 Qb6 6. Bd3 cxd4 7. cxd4 Bd7 8. Bc2 Nb4 9. Nc3 Rc8 10. 0-0 Ne7 11. Bd2 Nxc2 12. Qxc2 Nf5 13. Qd3 Be7 14. a3 h5 15. b4 0-0 16. Rac1 Rc4 17. Ne2 Rfc8 18. Rxc4 Rxc4 19. Rc1 Bb5 20. Qb1 Rxc1+ 21. Nxc1 Nxd4 22. Nxd4 Qxd4 23. Qc2 Bc6 24. Qc3 Qxc3 25. Bxc3 Bg5 26. Ne2 Kf8 27. Bd4 a6 28. f4 Be7 29. Bc5 Bxc5+ 30. bxc5 Ke8 31. Nc3 Kd7 32. Kf2 Bb5 33. Ke3 Kc6 34. Kd4 b6 35. Nxb5 axb5 36. cxb6 Kxb6 37. Kc3 Kc5 38. g3 g6 39. Kd3 d4 40. Kd2 Kc4 41. Kc2 d3+ 42. Kd2 Kd4 43. h3 Kc4 44. g4 hxg4 45. hxg4 Kd4 46. g5 Kc4 47. Kc1 Kc3 48. Kd1 d2 49. Ke2 Kc2 50. Ke3 d1Q 51. Kf2 Qd2+ 52. Kg3 Qe3+ 53. Kg4 Qe2+ 54. Kg3 Kd3 55. Kh4 Ke4 56. Kg3 Qf3+ 57. Kh2 Ke3 58. Kg1 Qf2+ 59. Kh1 Kf3 60. a4 Qg2# 0-1